000 00209 a2200097 4500
001 48250
100 _aManzoor H
245 _aIqbal our Baz Dosray Shair
260 _aLahore
_bN B F
_c
090 _c31205
_d31205
942 _aNUST-CAE
_cM
_c23565
999 _c283323
_d283323